<?xml version="1.0" encoding="UTF-8"?>
<collection xmlns="http://www.loc.gov/MARC21/slim">
<record>
  <controlfield tag="001">75440</controlfield>
  <controlfield tag="005">20210520140802.0</controlfield>
  <datafield tag="037" ind1=" " ind2=" ">
    <subfield code="a">TESIS-2018-080</subfield>
  </datafield>
  <datafield tag="041" ind1=" " ind2=" ">
    <subfield code="a">spa</subfield>
  </datafield>
  <datafield tag="080" ind1=" " ind2=" ">
    <subfield code="a">61</subfield>
  </datafield>
  <datafield tag="100" ind1="1" ind2=" ">
    <subfield code="a">Martínez González, Ana</subfield>
  </datafield>
  <datafield tag="245" ind1="0" ind2="0">
    <subfield code="a">Valoración de la efectividad de Escuela de Espalda en pacientes afectos de  lumbalgia subaguda o crónica</subfield>
  </datafield>
  <datafield tag="260" ind1=" " ind2=" ">
    <subfield code="a">Zaragoza</subfield>
    <subfield code="b">Universidad de Zaragoza, Prensas de la Universidad</subfield>
    <subfield code="c">2018</subfield>
  </datafield>
  <datafield tag="300" ind1=" " ind2=" ">
    <subfield code="a">228</subfield>
  </datafield>
  <datafield tag="490" ind1="0" ind2=" ">
    <subfield code="a">Tesis de la Universidad de Zaragoza</subfield>
    <subfield code="x">2254-7606</subfield>
    <subfield code="v">2018-80</subfield>
  </datafield>
  <datafield tag="500" ind1=" " ind2=" ">
    <subfield code="a">Presentado:  20 07 2018</subfield>
  </datafield>
  <datafield tag="502" ind1=" " ind2=" ">
    <subfield code="a">Tesis-Univ. Zaragoza, Medicina, Psiquiatría y Dermatología, 2018</subfield>
    <subfield code="b">Zaragoza, Universidad de Zaragoza</subfield>
    <subfield code="c">2018</subfield>
  </datafield>
  <datafield tag="520" ind1=" " ind2=" ">
    <subfield code="a">Introducción&lt;br />Debido a su alta incidencia, el dolor lumbar constituye un problema importante desde la perspectiva social, sanitaria y laboral. Se considera una de las causas más frecuentes de consulta médica en atención primaria y uno de los principales motivos de incapacidad temporal. Es necesario realizar un diagnostico adecuado y un correcto manejo terapéutico.&lt;br />Entre las opciones terapéuticas disponibles para el manejo del dolor lumbar se encuentra la Escuela de Espalda. En este trabajo hemos analizado la efectividad de la Escuela de Espalda implementada en un Servicio de Rehabilitación aplicada a pacientes afectos de dolor lumbar subagudo o crónica. &lt;br />Material y métodos&lt;br />Estudio cuasi-experimental en el que comparamos el grupo tratamiento que realiza Escuela de Espalda frente al grupo control que no realiza Escuela de Espalda y se encuentra en lista de espera. &lt;br />Para valorar la efectividad hemos analizado la intensidad del dolor, el grado de discapacidad provocado por el dolor lumbar y la mejoría funcional con respecto a la movilidad del raquis lumbar y la fuerza de la musculatura implicada en la movilidad de la columna lumbar.&lt;br />Se ha estudiado además las características demográficas de la población a estudio así como el grado de adherencia y satisfacción acerca del tratamiento recibido.&lt;br />Resultados&lt;br />Los datos demográficos coinciden con lo hasta ahora publicado en la bibliografía. Vemos que aquellos pacientes que completan el tratamiento de Escuela de Espalda experimentan una mejoría en la intensidad del dolor, mejoría de la discapacidad provocada por el dolor lumbar y mejora funcional tanto en el balance articular como balance muscular.&lt;br />Conclusiones&lt;br />El tratamiento de Escuela de Espalda fue efectivo a la hora de disminuir la intensidad del dolor, disminuir la discapacidad secundaria al dolor lumbar, mejorar la movilidad y fuerza de la musculatura del raquis lumbar en pacientes afectos de lumbalgia subaguda o crónica.&lt;br /></subfield>
  </datafield>
  <datafield tag="506" ind1=" " ind2=" ">
    <subfield code="a">all-rights-reserved</subfield>
  </datafield>
  <datafield tag="520" ind1=" " ind2=" ">
    <subfield code="a">&lt;br /></subfield>
  </datafield>
  <datafield tag="521" ind1=" " ind2=" ">
    <subfield code="9">7085</subfield>
    <subfield code="a">Programa de Doctorado en Medicina</subfield>
  </datafield>
  <datafield tag="653" ind1="1" ind2=" ">
    <subfield code="a">ciencias medicas</subfield>
  </datafield>
  <datafield tag="653" ind1="1" ind2=" ">
    <subfield code="a">rehabilitacion medica</subfield>
  </datafield>
  <datafield tag="653" ind1="1" ind2=" ">
    <subfield code="a">biomecanica</subfield>
  </datafield>
  <datafield tag="700" ind1=" " ind2=" ">
    <subfield code="a">GÓMEZ TRULLÉN, EVA M</subfield>
    <subfield code="e">dir.</subfield>
  </datafield>
  <datafield tag="700" ind1=" " ind2=" ">
    <subfield code="a">HERNÁNDEZ GARCÍA, IGNACIO  </subfield>
    <subfield code="e">dir.</subfield>
  </datafield>
  <datafield tag="710" ind1="2" ind2=" ">
    <subfield code="a">Universidad de Zaragoza</subfield>
    <subfield code="b">Medicina, Psiquiatría y Dermatología</subfield>
  </datafield>
  <datafield tag="830" ind1=" " ind2=" ">
    <subfield code="9">497</subfield>
  </datafield>
  <datafield tag="856" ind1="0" ind2=" ">
    <subfield code="f">tdr@unizar.es</subfield>
  </datafield>
  <datafield tag="856" ind1="4" ind2=" ">
    <subfield code="u">http://zaguan.unizar.es/record/75440/files/TESIS-2018-080.pdf</subfield>
    <subfield code="z">Texto completo (spa)</subfield>
    <subfield code="s">41062128</subfield>
  </datafield>
  <datafield tag="909" ind1="C" ind2="O">
    <subfield code="o">oai:zaguan.unizar.es:75440</subfield>
    <subfield code="p">driver</subfield>
    <subfield code="p">tesis</subfield>
  </datafield>
  <datafield tag="910" ind1="2" ind2=" ">
    <subfield code="a"></subfield>
    <subfield code="b">Medicina, Psiquiatría y Dermatología</subfield>
  </datafield>
  <datafield tag="980" ind1=" " ind2=" ">
    <subfield code="a">TESIS</subfield>
  </datafield>
</record>
</collection>